000 00300nam a22001337a 4500
008 170714b xxu||||| |||| 00| 0 eng d
020 _a076783002951
041 _aeng
080 _a101
100 _a24
101 _aFIL
245 _aTHE COMPLETE PLAYS OF ARISTOPHANES
_cHADAS,M
942 _2udc
_cBK
999 _c20788
_d20788